Obálka
Pro půjčování e-knih musíte být přihlášeni.
Jak si půjčit online?
LEADER 04176nim a2201093 i 4500
001 313534
003 CZ PrSKC
005 20260601215744.0
007 sd fungnnmmned
008 260403s2026 xr nnnng ha n cze
015 |a cnb003748598 
020 |a 9788074486548 :  |c Kč 349,00 
040 |a ABA001  |b cze  |e rda 
043 |a e-xr--- 
045 |a x3y2 
072 7 |a 821.162.3-3  |x Česká próza  |2 Konspekt 
072 7 |a 929  |x Biografie  |2 Konspekt 
080 |a 821.162.3-32  |2 MRF 
080 |a 791/792.071.2-055.2  |2 MRF 
080 |a 646.4-055.2  |2 MRF 
080 |a 929  |2 MRF 
080 |a (437.3)  |2 MRF 
080 |a (0:82-32)  |2 MRF 
080 |a (0:82-94)  |2 MRF 
080 |a (086.7)08  |2 MRF 
080 |a (086.76)  |2 MRF 
100 1 |a Devátá, Ivanka,  |d 1935-  |7 jn19990209138  |4 aut 
245 1 0 |a Gerbešín a hezouni /  |c Ivanka Devátá 
264 1 |a V Praze :  |b Voxi,  |c 2026 
264 4 |c ℗© 
300 |a 1 audiodisk (3 hod., 43 min.) ;  |c 12 cm 
306 |a 000343 
336 |a mluvené slovo  |b spw  |2 rdacontent 
337 |a audio  |b s  |2 rdamedia 
338 |a audiodisk  |b sd  |2 rdacarrier 
344 |a digital  |2 rdatr 
344 |b optical  |2 rdarm 
347 |a audio soubor  |2 rdaft 
347 |b MP3 
500 |a Název z disku 
500 |a Vydalo nakladatelství VOXI ve společnosti Albatros Media a.s. 
500 |a Podle stejnojmenné knihy vydané nakladatelstvím Motto v roce 2022 
500 |a Nezkrácená audiokniha ve formátu MP3 
511 0 |a Čte Pavla Tomicová 
600 1 7 |a Devátá, Ivanka,  |d 1935-  |7 jn19990209138  |2 czenas 
648 7 |a 20.-21. století  |7 ch462155  |2 czenas 
650 0 7 |a herečky  |7 ph120685  |z Česko  |y 20.-21. století  |2 czenas 
650 0 7 |a dámské oděvy  |7 ph137547  |2 czenas 
650 0 9 |a actresses  |z Czechia  |y 20th-21st centuries  |2 eczenas 
650 0 9 |a women's clothing  |2 eczenas 
655 7 |a české povídky  |7 fd133971  |2 czenas 
655 7 |a autobiografické vzpomínky  |7 fd131854  |2 czenas 
655 7 |a audioknihy  |7 fd119452  |2 czenas 
655 7 |a kompaktní disky  |7 fd201991  |2 czenas 
655 9 |a Czech short stories  |2 eczenas 
655 9 |a autobiographical reminiscences  |2 eczenas 
655 9 |a audiobooks  |2 eczenas 
655 9 |a compact discs  |2 eczenas 
700 1 |a Tomicová, Pavla,  |d 1962-  |7 js20060428010  |4 stl 
710 2 |a Voxi (nakladatelství)  |7 xx0342088  |4 pbl 
900 |a ABA001  |b 19 
044 |a xr 
505 0 0 |t 1. Uvod (2 min., 15 sek.) 
505 0 0 |t 2. Gerbesin (15 min., 30 sek.) 
505 0 0 |t 3. Zima (8 min., 45 sek.) 
505 0 0 |t 4. Styl (11 min., 58 sek.) 
505 0 0 |t 5.Krimplen (5 min., 25 sek.) 
505 0 0 |t 6. Domaci obleky (4 min., 43 sek.) 
505 0 0 |t 7. Plesove saty (4 min., 25 sek.) 
505 0 0 |t 8. Plavky (4 min., 30 sek.) 
505 0 0 |t 9. Co na noc (6 min., 25 sek.) 
505 0 0 |t 10. Vlasy (9 min., 33 sek.) 
505 0 0 |t 11. Hackovani a pleteni (3 min., 34 sek.) 
505 0 0 |t 12. Maminka a tatinek (6 min., 33 sek.) 
505 0 0 |t 13. Boty (7 min., 29 sek.) 
505 0 0 |t 14. Divadelni kostymy (14 min., 17 sek.) 
505 0 0 |t 15. Kostymy v civilu (10 min., 13 sek.) 
505 0 0 |t 16. Odpoledni saty (9 min., 56 sek.) 
505 0 0 |t 17. Kabaty (6 min., 41 sek.) 
505 0 0 |t 18. Doplnky (6 min., 3 sek.) 
505 0 0 |t 19. Sperky a bizuterie (10 min., 5 sek.) 
505 0 0 |t 20. Licidla (7 min., 5 sek.) 
505 0 0 |t 21. Hezouni (2 min., 36 sek.) 
505 0 0 |t 22. Hezke misto pro doziti (3 min., 8 sek.) 
505 0 0 |t 23. Modrou nebo cernou (6 min., 36 sek.) 
505 0 0 |t 24. Zavoj bez krasy (6 min., 43 sek.) 
505 0 0 |t 25. Zrady (6 min., 2 sek.) 
505 0 0 |t 26. Duo pro jednu ponozku (4 min., 31 sek.) 
505 0 0 |t 27. Kozich (5 min., 36 sek.) 
505 0 0 |t 28. Prurez zivou Devatou (30 min., 4 sek.) 
505 0 0 |t 29. Slovo autorky (1 min., 55 sek.) 
910 |a RBIT002 
998 |d 424733  |a https://core.palmknihy.cz/api/books/424733/cover?t992rq  |b https://core.palmknihy.cz/api/books/424733/cover/400?t992rq  |c https://core.palmknihy.cz/api/books/424733/cover/50?t992rq  |e 2035-12-31  |i 9788074486548  |l 13380  |q 49  |r 1  |s https://www.palmknihy.cz/kniha/424733  |t audiobook  |y 2026  |z 0 
999 |d 313532